000
00282nam a2200109Ia 4500
008
200302s9999 xx 000 0 und d
100
_a
Alxexandr Tzonis
245
_a
Santiago Calatrava the Poetics of Movement
260
_b
Thames and Hudson Ltd.
260
_c
2002
300
_a
239 P.,
999
_c
1976
_d
1976